Formal Modeling and Analysis of Cell Cycle Regulator E2F1 and Micro RNA-223 in Acute Myeloid Leukemia / (Record no. 528971)
[ view plain ]
| 000 -LEADER | |
|---|---|
| fixed length control field | 00518nam a22001577a 4500 |
| 020 ## - INTERNATIONAL STANDARD BOOK NUMBER | |
| Qualifying information | Hard Cover. |
| 082 ## - DEWEY DECIMAL CLASSIFICATION NUMBER | |
| Classification number | 621.001 |
| 100 ## - MAIN ENTRY--PERSONAL NAME | |
| Personal name | Rafiq, Sara |
| 245 ## - TITLE STATEMENT | |
| Title | Formal Modeling and Analysis of Cell Cycle Regulator E2F1 and Micro RNA-223 in Acute Myeloid Leukemia / |
| Statement of responsibility, etc. | Sara Rafiq. |
| 260 ## - PUBLICATION, DISTRIBUTION, ETC. | |
| Place of publication, distribution, etc. | Islamabad: |
| Name of publisher, distributor, etc. | RCMS - NUST. |
| Date of publication, distribution, etc. | 2015. |
| 300 ## - PHYSICAL DESCRIPTION | |
| Extent | ix, 59 p. : ill. ; |
| Dimensions | 30cm. |
| 942 ## - ADDED ENTRY ELEMENTS (KOHA) | |
| Source of classification or shelving scheme | |
| Koha item type | Book |
| 650 ## - SUBJECT ADDED ENTRY--TOPICAL TERM | |
| Topical term or geographic name entry element | Ms Thesis. |
| 700 ## - ADDED ENTRY--PERSONAL NAME | |
| Personal name | Dr. Jamil Ahmad. |
| 650 ## - SUBJECT ADDED ENTRY--TOPICAL TERM | |
| -- | 18721 |
| 700 ## - ADDED ENTRY--PERSONAL NAME | |
| -- | 20158 |
| Withdrawn status | Lost status | Source of classification or shelving scheme | Damaged status | Not for loan | Permanent Location | Current Location | Shelving location | Date acquired | Total Checkouts | Full call number | Barcode | Date last seen | Price effective from | Koha item type |
|---|---|---|---|---|---|---|---|---|---|---|---|---|---|---|
| Central Library (CL) | Central Library (CL) | Thesis | 09/17/2019 | 621.001 | CL-T-3538 | 09/17/2019 | 09/17/2019 | Book |
